[Event "Campeonato Aragon Preferente 2019"]
[Site "?"]
[Date "2019.02.02"]
[Round "2.34"]
[White "Barranco Castillo, Jose Antonio"]
[Black "Pache Marconell, Juan"]
[Result "0-1"]
[WhiteElo "2049"]
[BlackElo "1870"]
[PlyCount "0"]
[EventDate "2019.??.??"]
[EventType "team-tourn"]
[EventRounds "9"]
[EventCountry "ESP"]
[WhiteTeam "Ibercaja B"]
[BlackTeam "Teruel B"]

1. Nf3 d6 2. g3 g6 3. Bg2 Bg7 4. d3 Nf6 5. O-O O-O 6. e4 a5 7. Nbd2 Na6 8. d4
Rb8 9. c3 b5 10. Qe2 c5 11. e5 dxe5 12. Nxe5 Bd7 13. Nc6 Bxc6 14. Bxc6 cxd4 15.
cxd4 Nb4 16. Bg2 Nc2 17. Rb1 Nxd4 18. Qd3 Nd5 19. Qe4 e6 20. Nf3 Nf5 21. g4 Nd6
22. Qe2 Qb6 23. Ne5 Rbd8 24. Bd2 Bxe5 25. Qxe5 Nc4 26. Qe2 Nxd2 27. Qxd2 Nb4
28. Qh6 Nxa2 29. Ra1 Nb4 30. Ra3 Rd3 31. Rfa1 a4 32. Bf1 Qd4 33. Bxd3 Nxd3 34.
Qd2 Qxg4+ 35. Kh1 Qe4+ 36. Kg1 Ne5 37. Qe3 Qxe3 38. Rxe3 Nc4 39. Re2 Rd8 40.
Rc1 Rd3 41. Kg2 Kf8 42. Rxc4 bxc4 43. Re4 c3 44. bxc3 a3 45. c4 Rc3 46. c5 Rxc5
47. Ra4 Rc3 48. f3 Rc2+ 49. Kg3 a2 50. h4 h5 51. Kh3 Ke7 52. Kg3 Kf6 53. Kh3
Kf5 54. Kg3 Rd2 55. Rf4+ Ke5 56. Ra4 Kd5 57. Kh3 Kc5 58. Kg3 Kb5 59. Ra8 Kb4
60. Kf4 Kb3 61. Kg5 Rd4 62. Kf6 Ra4 0-1

[Event "Campeonato Aragon Preferente 2019"]
[Site "?"]
[Date "2019.02.02"]
[Round "2.35"]
[White "Abancens Fernandez, Bernardo"]
[Black "Sanchez Castro, Roberto"]
[Result "0-1"]
[WhiteElo "1818"]
[BlackElo "2037"]
[PlyCount "0"]
[EventDate "2019.??.??"]
[EventType "team-tourn"]
[EventRounds "9"]
[EventCountry "ESP"]
[WhiteTeam "Teruel B"]
[BlackTeam "Ibercaja B"]

 1. d4 g6 2. c4 Bg7 3. Nc3 d6 4. e4 Nd7 5. Be3 a6 6. Bd3 e6 7. Nge2 Ne7 8. Rc1
c5 9. Bb1 h6 10. Qd2 Nc6 11. f3 O-O 12. O-O Kh7 13. b3 Qe7 14. d5 Nd8 15. dxe6
fxe6 16. Rfd1 Nf7 17. Qc2 Qf6 18. Rd2 b6 19. Rcd1 Re8 20. Bf4 Nde5 21. Na4 Rb8
22. Bg3 h5 23. h3 h4 24. Bh2 b5 25. Nb2 Nc6 26. Nd3 Bh6 27. f4 e5 28. Rf1 b4
29. fxe5 Be3+ 30. Nf2 dxe5 31. Rd3 Qg5 32. Kh1 Re7 33. Nd1 Nd4 34. Qb2 Nxe2 35.
Qxe2 Bd4 36. Rdf3 Be6 37. Ne3 Bxe3 38. Rxe3 Rd8 39. Rd3 Red7 40. Bg1 Qe7 41.
Bf2 Kh6 42. Rfd1 Rxd3 43. Rxd3 g5 44. Qe3 Rd4 45. Bxh4 Qb7 46. Rd2 Qd7 47. Be1
Kg6 48. Bc2 Rxd2 49. Bxd2 Qd4 50. Kg1 a5 51. Kf2 Bd7 52. Qxd4 exd4 53. Kg3 Ne5
54. Be1 Bc6 55. Bf2 Kf6 56. Bg1 Ke6 57. h4 Kf6 58. Bf2 gxh4+ 59. Kxh4 d3 60.
Bd1 Nd7 61. Bf3 Ne5 62. Be3 a4 63. Kg3 a3 64. Bxc5 d2 65. Bd1 Nd3 66. Kf3 Nxc5
67. Ke2 Nxe4 68. Kd3 Ke5 69. Kc2 Kd4 70. Bf3 0-1

[Event "Campeonato Aragon Preferente 2019"]
[Site "?"]
[Date "2019.02.02"]
[Round "2.36"]
[White "Garcia Monterde, Francisco Jose"]
[Black "Barcena Laguia, Francisco"]
[Result "1-0"]
[WhiteElo "1872"]
[BlackElo "1804"]
[PlyCount "0"]
[EventDate "2019.??.??"]
[EventType "team-tourn"]
[EventRounds "9"]
[EventCountry "ESP"]
[WhiteTeam "Ibercaja B"]
[BlackTeam "Teruel B"]

1. Nf3 c5 2. c4 Nf6 3. Nc3 g6 4. g3 Bg7 5. Bg2 O-O 6. O-O Nc6 7. d4 cxd4 8.
Nxd4 Ng4 9. Nc2 d6 10. Bd2 Be6 11. b3 Rc8 12. Rc1 Qd7 13. h3 Nh6 14. Kh2 f5 15.
f4 Bf7 16. e4 Rcd8 17. Qe2 e6 18. Rcd1 Qe7 19. Rfe1 Rfe8 20. Qf2 a6 21. Na4 Qc7
22. Be3 Qe7 23. Bb6 Rc8 24. c5 dxc5 25. Bxc5 Qc7 26. Bb6 Qe7 27. e5 g5 28. Nc5
gxf4 29. gxf4 Nxe5 30. fxe5 Qg5 31. Bxb7 Bh5 32. Rd7 Rb8 33. Bc7 Rxb7 34. Nxb7
Rc8 35. Nc5 Rxc7 1-0

[Event "Campeonato Aragon Preferente 2019"]
[Site "?"]
[Date "2019.02.02"]
[Round "2.37"]
[White "Galve Guinea, Alejandro"]
[Black "Sierra Aguerri, Joaquin"]
[Result "1/2-1/2"]
[WhiteElo "2001"]
[BlackElo "2082"]
[PlyCount "113"]
[EventDate "2019.??.??"]
[EventType "team-tourn"]
[EventRounds "9"]
[EventCountry "ESP"]
[WhiteTeam "El Olivar C"]
[BlackTeam "Tauste"]

1. Nf3 d5 2. d4 Bf5 3. c4 Bxb1 4. Rxb1 c6 5. Qb3 Qb6 6. Bf4 Qxb3 7. axb3 e6 8.
c5 Ne7 9. e3 Nd7 10. b4 a6 11. Ra1 Rc8 12. Be2 Nf6 13. h3 Ng6 14. Bh2 Be7 15.
Nd2 Bd8 16. Bd3 Bc7 17. Bxc7 Rxc7 18. f4 Kd8 19. O-O Ne7 20. Nf3 Nf5 21. Rfe1
Ng3 22. Nd2 h5 23. Kf2 h4 24. Kf3 Rd7 25. b5 cxb5 26. Bxb5 Nfe4 27. Nxe4 dxe4+
28. Kf2 Rd5 29. Bc4 Rf5 30. Kg1 Kc7 31. b4 g5 32. fxg5 Rg8 33. b5 axb5 34. Bxb5
Rfxg5 35. Ra2 Nf5 36. Bf1 Rg3 37. Kf2 Ne7 38. Rb1 Nd5 39. Ra3 f5 40. Rab3 Rb8
41. Bc4 Rbg8 42. Rxb7+ Kc6 43. Bxd5+ Kxd5 44. Rg1 f4 45. Rd7+ Kc4 46. exf4 Kd3
47. d5 e3+ 48. Ke1 e5 49. Ra7 exf4 50. Ra3+ Ke4 51. Ra4+ Ke5 52. Rf1 Rxg2 53.
Rfxf4 Rb8 54. Rab4 Ra8 55. Ra4 Rb8 56. Rab4 Ra8 57. Ra4 1/2-1/2

[Event "Campeonato Aragon Preferente 2019"]
[Site "?"]
[Date "2019.02.02"]
[Round "2.38"]
[White "Fernandez Rubio, Rafael"]
[Black "Sarto Ramos, Angel"]
[Result "1-0"]
[WhiteElo "2054"]
[BlackElo "1891"]
[PlyCount "51"]
[EventDate "2019.??.??"]
[EventType "team-tourn"]
[EventRounds "9"]
[EventCountry "ESP"]
[WhiteTeam "Tauste"]
[BlackTeam "El Olivar C"]

1. e4 c6 2. d4 d5 3. f3 dxe4 4. fxe4 e5 5. Nf3 exd4 6. Bc4 Bg4 7. Bxf7+ Kxf7 8.
Ne5+ Ke8 9. Qxg4 Qa5+ 10. Bd2 Qxe5 11. Qc8+ Kf7 12. O-O+ Nf6 13. Qxb7+ Nbd7 14.
Qxd7+ Kg6 15. Qxc6 Re8 16. Bf4 Qxe4 17. Qc4 Ng4 18. Nd2 Ne3 19. Qe2 Qe6 20. Rf3
Bc5 21. Rg3+ Kf7 22. Qh5+ g6 23. Qxc5 Nf5 24. Rh3 Rc8 25. Qxa7+ Kf6 26. Nf3 1-0

[Event "Campeonato Aragon Preferente 2019"]
[Site "?"]
[Date "2019.02.02"]
[Round "2.39"]
[White "Labrador Postigo, Francisco M"]
[Black "Sancho Casale, Jesus"]
[Result "1-0"]
[WhiteElo "1876"]
[BlackElo "1970"]
[PlyCount "73"]
[EventDate "2019.??.??"]
[EventType "team-tourn"]
[EventRounds "9"]
[EventCountry "ESP"]
[WhiteTeam "El Olivar C"]
[BlackTeam "Tauste"]

1. d4 d5 2. Nf3 c6 3. Bf4 Nf6 4. e3 Bg4 5. Nbd2 e6 6. Bd3 Bd6 7. Bg3 O-O 8. O-O
Re8 9. c4 Bxg3 10. hxg3 Nbd7 11. Qb3 Qb6 12. Rfc1 e5 13. Nxe5 Nxe5 14. dxe5
Rxe5 15. Nf3 Re7 16. Nd4 Rae8 17. cxd5 Nxd5 18. Qc2 h6 19. a3 Nxe3 20. fxe3
Rxe3 21. Qd2 c5 22. Nf5 R3e5 23. Qf4 c4+ 24. Kh1 cxd3 25. Qxg4 g6 26. Nh4 d2
27. Rf1 Re1 28. Qf4 Qb3 29. Qxd2 R1e2 30. Qf4 R8e4 31. Qc7 Re7 32. Qf4 g5 33.
Qf6 gxh4 34. Rad1 Qxg3 35. Rd8+ Re8 36. Qxf7+ Kh8 37. Rxe8+ 1-0

[Event "Campeonato Aragon Preferente 2019"]
[Site "?"]
[Date "2019.02.02"]
[Round "2.41"]
[White "Hinojar Basa, Alfonso"]
[Black "Antonano Fedz-Quincoces, Avelino"]
[Result "1/2-1/2"]
[WhiteElo "2192"]
[BlackElo "2164"]
[PlyCount "50"]
[EventDate "2019.??.??"]
[EventType "team-tourn"]
[EventRounds "9"]
[EventCountry "ESP"]
[WhiteTeam "Marcos Frechin A"]
[BlackTeam "St. Casablanca C"]

1. e4 e5 2. Nf3 Nc6 3. Bc4 Nf6 4. d3 Bc5 5. O-O O-O 6. Re1 d6 7. c3 Bg4 8. h3
Bh5 9. b4 Bxf3 10. Qxf3 Nxb4 11. d4 Nc2 12. Re2 Nxa1 13. dxc5 dxc5 14. Rd2 Qe8
15. Bb2 Qa4 16. Qe2 b5 17. Bxb5 Qxe4 18. Qd1 Qb7 19. Bd3 Rab8 20. Bxa1 c4 21.
Bc2 Ne4 22. Rd5 Nf6 23. Rd2 Ne4 24. Rd5 Nf6 25. Rd2 Ne4 1/2-1/2

[Event "Campeonato Aragon Preferente 2019"]
[Site "?"]
[Date "2019.02.02"]
[Round "2.42"]
[White "Garcia Andres, Daniel"]
[Black "Ruiperez Gumiel, Ramon"]
[Result "1/2-1/2"]
[WhiteElo "1992"]
[BlackElo "1873"]
[PlyCount "86"]
[EventDate "2019.??.??"]
[EventType "team-tourn"]
[EventRounds "9"]
[EventCountry "ESP"]
[WhiteTeam "St. Casablanca C"]
[BlackTeam "Marcos Frechin A"]

1. e4 c5 2. Nc3 a6 3. f4 b5 4. Nf3 Bb7 5. d3 e6 6. f5 exf5 7. Qe2 fxe4 8. Nxe4
Bxe4 9. dxe4 Nc6 10. Bd2 Nf6 11. e5 Nd5 12. Qe4 Nc7 13. O-O-O Ne6 14. h4 Be7
15. g4 Qb6 16. Ng5 Qc7 17. Bg2 Rc8 18. Nxe6 dxe6 19. Rhe1 Bxh4 20. Rh1 Be7 21.
Rxh7 Rxh7 22. Qxh7 Qxe5 23. Qg8+ Bf8 24. Rf1 Nd8 25. Bf4 Qd4 26. c3 Qf6 27. Bd6
Qh6+ 28. Kb1 g6 29. Rh1 Qg7 30. Rh8 Qxg8 31. Rxg8 Kd7 32. Bxf8 Nc6 33. Bxc6+
Kxc6 34. Rh8 g5 35. Kc2 Kd5 36. Kd3 c4+ 37. Ke3 f5 38. gxf5 exf5 39. Bg7 Rc6
40. Re8 Rg6 41. Re5+ Kd6 42. Bh8 Rg8 43. Bf6 Rg6 1/2-1/2

[Event "Campeonato Aragon Preferente 2019"]
[Site "?"]
[Date "2019.02.02"]
[Round "2.43"]
[White "Torres Ferrandez, Mario"]
[Black "Alvarez Gonzalo, Miguel Angel"]
[Result "1-0"]
[WhiteElo "1872"]
[BlackElo "1817"]
[PlyCount "115"]
[EventDate "2019.??.??"]
[EventType "team-tourn"]
[EventRounds "9"]
[EventCountry "ESP"]
[WhiteTeam "Marcos Frechin A"]
[BlackTeam "St. Casablanca C"]

1. d4 Nf6 2. Nf3 e6 3. Bf4 d5 4. e3 c5 5. c3 Nc6 6. Bd3 Bd7 7. Nbd2 Rc8 8. Ne5
Be7 9. Qf3 cxd4 10. exd4 O-O 11. Qh3 g6 12. Bh6 Re8 13. O-O Nxe5 14. dxe5 Nh5
15. g4 Ng7 16. Nb3 Qb6 17. Be3 Qc7 18. f4 b6 19. Qg3 Bc5 20. Rae1 Bxe3+ 21.
Rxe3 b5 22. Nd4 b4 23. Bb1 bxc3 24. bxc3 Qb6 25. Kh1 Rc4 26. Qh4 Rxd4 27. cxd4
Rb8 28. Rb3 Qc7 29. Rxb8+ Qxb8 30. Qe7 Bb5 31. Rc1 Bc4 32. Qa3 h6 33. Bd3 Bxd3
34. Qxd3 Qb2 35. Rc2 Qb1+ 36. Kg2 Kh7 37. Rd2 Qc1 38. Qc2 Qe1 39. Re2 Qh4 40.
h3 h5 41. Qd3 hxg4 42. Qg3 gxh3+ 43. Qxh3 Nf5 44. Qxh4+ Nxh4+ 45. Kf2 Kh6 46.
Re3 Kh5 47. Ra3 Kg4 48. Rxa7 Kxf4 49. Rxf7+ Ke4 50. a4 Nf5 51. a5 Nxd4 52. a6
Nc6 53. a7 Nxa7 54. Rxa7 Kxe5 55. Ke3 g5 56. Ra8 g4 57. Rf8 Kd6 58. Rg8 1-0

[Event "Campeonato Aragon Preferente 2019"]
[Site "?"]
[Date "2019.02.02"]
[Round "2.44"]
[White "Solanas Godes, Beatriz"]
[Black "Lopez Lozano, David"]
[Result "1-0"]
[WhiteElo "1804"]
[BlackElo "1671"]
[PlyCount "107"]
[EventDate "2019.??.??"]
[EventType "team-tourn"]
[EventRounds "9"]
[EventCountry "ESP"]
[WhiteTeam "St. Casablanca C"]
[BlackTeam "Marcos Frechin A"]

1. e4 e6 2. d4 d5 3. e5 c5 4. Nf3 Nc6 5. Be3 Qb6 6. b3 cxd4 7. Bxd4 Bc5 8. Bxc5
Qxc5 9. c3 a5 10. Qd3 Nge7 11. Qb5 b6 12. Qxc5 bxc5 13. Nbd2 Ng6 14. c4 Ngxe5
15. cxd5 Nxf3+ 16. Nxf3 Nb4 17. Bb5+ Bd7 18. Bxd7+ Kxd7 19. dxe6+ Kxe6 20. O-O
f6 21. Rfd1 Rhd8 22. Rdc1 Kd6 23. Nd2 Kc6 24. Nc4 a4 25. Rd1 Nc2 26. Rxd8 Rxd8
27. Rc1 axb3 28. axb3 Nd4 29. Rb1 Kb5 30. Ne3 Kb4 31. Kf1 Nxb3 32. Ke2 c4 33.
Nc2+ Kc3 34. Ne3 Rd7 35. g3 Nd4+ 36. Kf1 Nc2 37. Rc1 Rd2 38. Nd1+ Kb3 39. Rb1+
Ka3 40. Nc3 Rd3 41. Ne2 Ka2 42. Rb7 Rd1+ 43. Kg2 Ne1+ 44. Kh3 Rd2 45. Nc3+ Ka3
46. Nb1+ Ka2 47. Nxd2 c3 48. Nb3 c2 49. Nc1+ Ka3 50. Kg4 g6 51. Kf4 h5 52. Ke3
g5 53. f3 h4 54. Kf2 1-0

[Event "Campeonato Aragon Preferente 2019"]
[Site "?"]
[Date "2019.02.02"]
[Round "2.45"]
[White "Sanchez Herrera, Miguel"]
[Black "Planas Torrea, Alberto"]
[Result "1-0"]
[WhiteElo "2088"]
[BlackElo "1915"]
[PlyCount "55"]
[EventDate "2019.??.??"]
[EventType "team-tourn"]
[EventRounds "9"]
[EventCountry "ESP"]
[WhiteTeam "Agrupacion B"]
[BlackTeam "Ejea"]

1. d4 d5 2. Nf3 c6 3. e3 e6 4. Bd3 Bd6 5. Nbd2 Nd7 6. e4 dxe4 7. Nxe4 Ndf6 8.
Nxd6+ Qxd6 9. O-O h6 10. Ne5 Ne7 11. c3 O-O 12. Bf4 Qd8 13. Qe2 Nfd5 14. Bd2 f6
15. Ng4 Nf5 16. Rad1 Qc7 17. Qe4 Qf7 18. c4 Nde7 19. Bb4 Re8 20. Rfe1 Bd7 21.
Ne3 Ng6 22. Nf1 Rad8 23. Ng3 Kh7 24. Qf3 Bc8 25. Bc3 Ngh4 26. Qf4 Ng6 27. Qg4
Nfh4 28. Qxh4 1-0

[Event "Campeonato Aragon Preferente 2019"]
[Site "?"]
[Date "2019.02.02"]
[Round "2.46"]
[White "Marcellan Peire, Jesus Eduardo"]
[Black "Garcia Morales, Roberto"]
[Result "0-1"]
[WhiteElo "1904"]
[BlackElo "2030"]
[PlyCount "124"]
[EventDate "2019.??.??"]
[EventType "team-tourn"]
[EventRounds "9"]
[EventCountry "ESP"]
[WhiteTeam "Ejea"]
[BlackTeam "Agrupacion B"]

1. d4 d5 2. Nf3 c6 3. Bf4 Nf6 4. Nc3 Bf5 5. Nh4 Bg6 6. Nxg6 hxg6 7. e3 Qb6 8.
Rb1 e6 9. a3 Nbd7 10. h3 c5 11. dxc5 Bxc5 12. Na4 Qa5+ 13. c3 Be7 14. b4 Qd8
15. Rc1 a5 16. Bb5 O-O 17. O-O Nb6 18. Qb3 Rc8 19. Nxb6 Qxb6 20. a4 Ne4 21.
Rfd1 Bf6 22. c4 axb4 23. Qxb4 g5 24. Bh2 d4 25. c5 Nxc5 26. exd4 Nd3 27. a5
Rxc1 28. Rxc1 Nxb4 29. axb6 Nd5 30. Bd6 Ra8 31. Bc5 Bd8 32. Bd3 Bxb6 33. Bxb6
Nxb6 34. Rb1 Nd5 35. Rxb7 Nf4 36. Be4 Rd8 37. Rb2 f5 38. Bc6 Rxd4 39. Rb8+ Kf7
40. Rb7+ Kf6 41. Be8 Rd8 42. Ba4 Rd6 43. Rb8 Ra6 44. Rf8+ Ke7 45. Re8+ Kf7 46.
Bb5 Rb6 47. Ba4 Ne2+ 48. Kh2 Nc3 49. Ra8 Rb2 50. Be8+ Ke7 51. Bh5 Rxf2 52. Rg8
Kf6 53. Rf8+ Ke5 54. Rf7 g6 55. Bxg6 Nd5 56. Bh5 Ne3 57. Bf3 Kf4 58. Ba8 Ra2
59. Bc6 Rc2 60. Ba8 Nf1+ 61. Kg1 Ng3 62. Re7 Rc1+ 0-1

[Event "Campeonato Aragon Preferente 2019"]
[Site "?"]
[Date "2019.02.02"]
[Round "2.47"]
[White "Carruez Berges, Santiago"]
[Black "Asin Jimenez, Pedro Jose"]
[Result "1-0"]
[WhiteElo "2024"]
[BlackElo "1735"]
[PlyCount "63"]
[EventDate "2019.??.??"]
[EventType "team-tourn"]
[EventRounds "9"]
[EventCountry "ESP"]
[WhiteTeam "Agrupacion B"]
[BlackTeam "Ejea"]

1. e4 e5 2. Nf3 Nc6 3. Bb5 a6 4. Ba4 d6 5. c4 Bd7 6. d4 Nxd4 7. Bxd7+ Qxd7 8.
Nxd4 exd4 9. Qxd4 Nf6 10. O-O Be7 11. Nc3 O-O 12. b3 b5 13. Bb2 c5 14. Qd3 Rab8
15. Rfe1 Rfe8 16. Rad1 Qc6 17. Nd5 Nxd5 18. cxd5 Qb6 19. Qg3 Bf8 20. f4 g6 21.
Qc3 Re5 22. fxe5 Bg7 23. Qg3 Re8 24. Rf1 Bxe5 25. Qf3 Qa7 26. Bxe5 Rxe5 27. Qf6
Rxe4 28. Qxd6 c4+ 29. Kh1 c3 30. Qd8+ Kg7 31. Qf6+ Kg8 32. Qf3 1-0

[Event "Campeonato Aragon Preferente 2019"]
[Site "?"]
[Date "2019.02.02"]
[Round "2.48"]
[White "Galvez Longas, Isaac"]
[Black "Carruez Berges, Fernando"]
[Result "0-1"]
[WhiteElo "1715"]
[BlackElo "1993"]
[PlyCount "88"]
[EventDate "2019.??.??"]
[EventType "team-tourn"]
[EventRounds "9"]
[EventCountry "ESP"]
[WhiteTeam "Ejea"]
[BlackTeam "Agrupacion B"]

1. d4 d6 2. Bf4 g6 3. Nf3 Bg7 4. e3 Nd7 5. c3 Ngf6 6. h3 O-O 7. Be2 c5 8. O-O
b6 9. a4 Bb7 10. Nbd2 Re8 11. Bh2 h6 12. Qb3 Qc7 13. Nh4 e6 14. Nc4 Bd5 15. Qc2
Bxc4 16. Bxc4 g5 17. Nf3 cxd4 18. Qd3 Rec8 19. Ba2 e5 20. Qe2 d3 21. Qd2 e4 22.
Nd4 Qc5 23. f3 Ne5 24. Nf5 Rf8 25. Ne7+ Kh7 26. Bxe5 Qxe5 27. Nc6 Qc5 28. Nd4
d5 29. fxe4 dxe4 30. Rf5 Qe7 31. Raf1 Kh8 32. Nc6 Qd6 33. Nd4 Nh5 34. Rd5 Qc7
35. Nf5 Ng3 36. Nxg3 Qxg3 37. Rdf5 Be5 38. Rxe5 Qxe5 39. Qd1 f5 40. Qh5 Kg7 41.
h4 Qg3 42. hxg5 Qxe3+ 43. Kh1 hxg5 44. g4 Rh8 0-1

[Event "Campeonato Aragon Preferente 2019"]
[Site "?"]
[Date "2019.02.02"]
[Round "2.49"]
[White "Cirera Sancho, Alberto"]
[Black "Romon Poves, Raul"]
[Result "0-1"]
[WhiteElo "1950"]
[BlackElo "2257"]
[PlyCount "90"]
[EventDate "2019.??.??"]
[EventType "team-tourn"]
[EventRounds "9"]
[EventCountry "ESP"]
[WhiteTeam "Monsalud-Soluzion"]
[BlackTeam "Shatranj"]

1. e4 c5 2. Nf3 Nc6 3. d4 cxd4 4. Nxd4 e6 5. Be2 Qc7 6. Nc3 a6 7. Bg5 Be7 8. h4
b5 9. Bf3 Ne5 10. g4 Bb7 11. Bg2 Nf6 12. Bxf6 Bxf6 13. g5 Be7 14. Qe2 Nc4 15.
O-O O-O 16. b3 Na3 17. Qd3 Qf4 18. Rae1 Bb4 19. Re3 Rac8 20. Nce2 Qxh4 21. f4
Qh5 22. Rh3 Qg6 23. f5 Qxg5 24. f6 g6 25. Rf4 Rc3 26. Nxc3 Qxf4 27. Nce2 Qxf6
28. e5 Qxe5 29. Bxb7 Rb8 30. Be4 Bc5 31. Kg2 f5 32. Bf3 Qd6 33. Qd2 Rf8 34. c4
bxc4 35. bxc4 Nxc4 36. Qc3 Ne5 37. Bb7 Rb8 38. Bxa6 Bxd4 39. Qxd4 Qc6+ 40. Kg3
Qf3+ 41. Kh4 h6 42. Rxf3 Nxf3+ 43. Kg3 Nxd4 44. Nxd4 Ra8 45. Bc4 Ra4 0-1

[Event "Campeonato Aragon Preferente 2019"]
[Site "?"]
[Date "2019.02.02"]
[Round "2.50"]
[White "Franco Ibanez, Carlos"]
[Black "Miranda Herrera, Jorge Manuel"]
[Result "1-0"]
[WhiteElo "1978"]
[BlackElo "1950"]
[PlyCount "49"]
[EventDate "2019.??.??"]
[EventType "team-tourn"]
[EventRounds "9"]
[EventCountry "ESP"]
[WhiteTeam "Shatranj"]
[BlackTeam "Monsalud-Soluzion"]

1. d4 d5 2. c4 c6 3. Nf3 Nf6 4. Nc3 g6 5. e3 Bg7 6. b4 O-O 7. a4 Ne4 8. Bb2 Bg4
9. Qb3 Bxf3 10. gxf3 Ng5 11. Be2 dxc4 12. Qxc4 Nd7 13. h4 Ne6 14. h5 Nb6 15.
Qb3 Nd5 16. hxg6 hxg6 17. Bc4 Nec7 18. Ne4 b5 19. Bd3 e5 20. dxe5 Nxb4 21. Qxb4
Qxd3 22. Nf6+ Bxf6 23. exf6 Rfe8 24. Qf4 Ne6 25. Qh6 1-0

[Event "Campeonato Aragon Preferente 2019"]
[Site "?"]
[Date "2019.02.02"]
[Round "2.51"]
[White "Miranda Garcia, Eduardo"]
[Black "Del Corral Abancens, Alfonso"]
[Result "1-0"]
[WhiteElo "1788"]
[BlackElo "1878"]
[PlyCount "59"]
[EventDate "2019.??.??"]
[EventType "team-tourn"]
[EventRounds "9"]
[EventCountry "ESP"]
[WhiteTeam "Monsalud-Soluzion"]
[BlackTeam "Shatranj"]

1. e4 c5 2. g3 Nc6 3. Bg2 e6 4. Nc3 Nf6 5. f4 d6 6. Nf3 Be7 7. O-O a6 8. d3 Qc7
9. h3 Rb8 10. Ne2 O-O 11. g4 b5 12. Ng3 Bb7 13. g5 Nd7 14. Qe1 f6 15. f5 e5 16.
g6 h6 17. Nh5 Rfc8 18. Nxg7 Kxg7 19. Bxh6+ Kg8 20. Qh4 Bf8 21. Bg5 Bg7 22. Qh7+
Kf8 23. Bh6 Nb6 24. Qh8+ Ke7 25. Qxg7+ Ke8 26. Qf8+ Kd7 27. Qxf6 Ne7 28. Bg5
Re8 29. Qe6+ Kc6 30. Nxe5# 1-0

[Event "Campeonato Aragon Preferente 2019"]
[Site "?"]
[Date "2019.02.02"]
[Round "2.52"]
[White "Ballonga Arruebo, Alejandro"]
[Black "Miranda Herrera, Miguel"]
[Result "1/2-1/2"]
[WhiteElo "1680"]
[BlackElo "1748"]
[PlyCount "77"]
[EventDate "2019.??.??"]
[EventType "team-tourn"]
[EventRounds "9"]
[EventCountry "ESP"]
[WhiteTeam "Shatranj"]
[BlackTeam "Monsalud-Soluzion"]

1. c4 Nf6 2. Nc3 g6 3. Nf3 d5 4. cxd5 Nxd5 5. g3 Nxc3 6. bxc3 b6 7. Bg2 Bb7 8.
O-O Bg7 9. Qb3 O-O 10. d4 Nd7 11. a4 Qc8 12. Ba3 Re8 13. Ng5 e6 14. e3 Bxg2 15.
Kxg2 c5 16. Rad1 c4 17. Qc2 Nf6 18. f3 Nd5 19. Rde1 Bh6 20. f4 Qc6 21. e4 Nf6
22. Kg1 Rad8 23. Nf3 Bf8 24. Ne5 Qc7 25. Bc1 Nd7 26. Nxd7 Qxd7 27. e5 Qc6 28.
g4 Rd5 29. Re3 Ra5 30. f5 exf5 31. gxf5 Qxa4 32. Qf2 Qd7 33. e6 fxe6 34. fxe6
Rg5+ 35. Kh1 Qd5+ 36. Qf3 Qxf3+ 37. Rexf3 Rf5 38. Rxf5 gxf5 39. d5 1/2-1/2

[Event "Campeonato Aragon Preferente 2019"]
[Site "?"]
[Date "2019.02.02"]
[Round "2.53"]
[White "Vallverdu Miret, Oscar"]
[Black "Larrosa Poves, Jose Manuel"]
[Result "1-0"]
[WhiteElo "2089"]
[BlackElo "1912"]
[PlyCount "45"]
[EventDate "2019.??.??"]
[EventType "team-tourn"]
[EventRounds "9"]
[EventCountry "ESP"]
[WhiteTeam "Fraga"]
[BlackTeam "Agrupacion C"]

1. c4 c6 2. Nf3 d5 3. cxd5 cxd5 4. d4 Nf6 5. Nc3 Nc6 6. Bf4 e6 7. e3 a6 8. Bd3
Bd6 9. Bg3 O-O 10. Rc1 Qe7 11. Bh4 h6 12. Bb1 Bd7 13. a3 b5 14. e4 b4 15. e5
Nxe5 16. dxe5 Bxe5 17. Nxe5 bxc3 18. Bxf6 gxf6 19. Nxd7 Qxd7 20. Rxc3 Rab8 21.
O-O Rxb2 22. Qc1 Rbb8 23. Qxh6 {Negras abandonan} 1-0

[Event "Campeonato Aragon Preferente 2019"]
[Site "?"]
[Date "2019.02.02"]
[Round "2.54"]
[White "Gimeno Diaz, Fernando"]
[Black "Aribau Rivas, Miguel Angel"]
[Result "1-0"]
[WhiteElo "1733"]
[BlackElo "2043"]
[PlyCount "45"]
[EventDate "2019.??.??"]
[EventType "team-tourn"]
[EventRounds "9"]
[EventCountry "ESP"]
[WhiteTeam "Agrupacion C"]
[BlackTeam "Fraga"]

1. d4 Nf6 2. Nf3 g6 3. c4 Bg7 4. Nc3 O-O 5. e4 d6 6. h3 Nbd7 7. Be2 e5 8. dxe5
dxe5 9. Be3 c6 10. O-O Qe7 11. Qc2 Nh5 12. Rfd1 Nf4 13. Bf1 Nc5 14. b4 Na6 15.
a3 f5 16. Qb3 fxe4 17. Nxe4 Nxh3+ 18. Kh2 Rxf3 19. gxf3 Qh4 20. c5+ Kh8 21.
Rd8+ Qxd8 22. Nd6 Qe7 23. Nf7+ {Negras abandonan} 1-0

[Event "Campeonato Aragon Preferente 2019"]
[Site "?"]
[Date "2019.02.02"]
[Round "2.55"]
[White "Alsina Franco, Sergio"]
[Black "Olivan Lopez, Dario"]
[Result "0-1"]
[WhiteElo "1822"]
[BlackElo "1723"]
[PlyCount "134"]
[EventDate "2019.??.??"]
[EventType "team-tourn"]
[EventRounds "9"]
[EventCountry "ESP"]
[WhiteTeam "Fraga"]
[BlackTeam "Agrupacion C"]

1. e4 e5 2. Nf3 Nc6 3. Bb5 a6 4. Ba4 Nf6 5. d4 exd4 6. O-O Be7 7. Re1 O-O 8. e5
Nd5 9. Bxc6 dxc6 10. Qxd4 Nb4 11. Qc3 Nd5 12. Qd4 c5 13. Qe4 f5 14. Qe2 b5 15.
c4 Nb6 16. b3 b4 17. Bb2 Be6 18. Nbd2 Qd7 19. Rad1 Qc6 20. h4 h6 21. Nf1 a5 22.
Rd3 a4 23. Red1 a3 24. Ba1 Qe4 25. Re3 Qg4 26. N1h2 Qg6 27. Kh1 Rad8 28. Red3
Rxd3 29. Qxd3 Rd8 30. Qe2 Rxd1+ 31. Qxd1 Qh5 32. g3 f4 33. Qg1 Bg4 34. Qg2 fxg3
35. Nxg4 Qxg4 36. Qxg3 Qf5 37. Nd2 Nd7 38. e6 Nf6 39. Bxf6 Qxf6 40. Qxc7 Qxe6
41. Nf3 Bd6 42. Qd8+ Kh7 43. Kg1 Be7 44. Qd3+ Kg8 45. h5 Qg4+ 46. Kf1 Qxh5 47.
Qe4 Bf6 48. Qc6 Qh3+ 49. Ke2 Qf5 50. Nd2 Bd4 51. Ne4 Kh7 52. f3 Qf4 53. Nd2
Qe3+ 54. Kd1 Qg1+ 55. Kc2 Qg6+ 56. Qe4 Be3 57. Qxg6+ Kxg6 58. Nf1 Bd4 59. Kd3
Kf5 60. Ng3+ Kf4 61. Ne2+ Kxf3 62. Nxd4+ Kf2 63. Nf5 h5 64. Nxg7 h4 65. Ke4 h3
66. Nf5 h2 67. Kf4 h1=Q {Blancas abandonan} 0-1

[Event "Campeonato Aragon Preferente 2019"]
[Site "?"]
[Date "2019.02.02"]
[Round "2.56"]
[White "Pedrol Aguila, Mario"]
[Black "Agustin De Dios, Adrian"]
[Result "0-1"]
[WhiteElo "1568"]
[BlackElo "1717"]
[PlyCount "80"]
[EventDate "2019.??.??"]
[EventType "team-tourn"]
[EventRounds "9"]
[EventCountry "ESP"]
[WhiteTeam "Agrupacion C"]
[BlackTeam "Fraga"]

1. e4 c5 2. b4 e6 3. bxc5 Bxc5 4. d4 Bb6 5. Ba3 Ne7 6. Nf3 O-O 7. Bd3 d6 8. O-O
Bc7 9. e5 Ng6 10. Qd2 Nc6 11. Nc3 a6 12. Ne4 d5 13. Neg5 Re8 14. Nxh7 Nxd4 15.
Bxg6 Nxf3+ 16. gxf3 fxg6 17. Nf6+ gxf6 18. Qh6 Re7 19. exf6 Rh7 20. Qxg6+ Kh8
21. f7 Rg7 22. Qxg7+ Kxg7 23. f8=Q+ Qxf8 24. Bxf8+ Kxf8 25. Rab1 b5 26. Rb4 Ke7
27. h4 Bb7 28. Kg2 e5 29. Rg4 Rf8 30. h5 d4 31. Rg3 e4 32. Rg7+ Kd6 33. fxe4
Bxe4+ 34. Kg1 Bxc2 35. Rc1 d3 36. Rg6+ Kd5 37. Rg7 Bf4 38. Re1 d2 39. Rd7+ Bd6
40. Rf1 d1=Q {blancas abandonan} 0-1